000 00480cam a22001337a 4500
008 180718b1988 xxu||||| |||| 00| 0 eng d
082 _aB18x42 Un3e
100 _aWagstaff, Adam
245 _aEconomic aspects of the illicit drug market and drug enforcement policies in the United Kingdom
_cby Adam Wagstaff and Alan Maynard
260 _aLondon
_bHer Majesty's Stationery Office
_c1988
300 _a156+p.
440 _aHome Office Research Study No. 95
700 _aMaynard, Alan
999 _c487940
_d487940